000 00489nam a2200169Ia 4500
005 20250508163431.0
008 008 250505s9999 xx 000 0 eng d
037 _aBooks to be hide in OPAC
040 _aFEDL
_beng
_cFEDL
041 _aeng
_2eng
084 _a371.74, CAL/O
_qFEDL
245 0 _aCalifornia physical fitness pentathlon
245 0 _cCalifornia State Department of Education
300 _a25p.
942 _cHB
_h371.74, CAL/O
999 _c1383208
_d1383208